Score 0/20 Timer 03:00
3 Plays Today
Title Missing Word % Correct
What A ______ WantsGirl
96.4%
_____!...I Did It AgainOops
92.3%
The Real Slim _____Shady
89.3%
Thank ______ I Found YouGod
84.5%
With _____ Wide OpenArms
84.1%
Shape Of My _____Heart
81.4%
All The Small _____Things
78.8%
Be With ______You
77.4%
______ SongThong
59.5%
______ (Da Ba Dee)Blue
55.2%
Title Missing Word % Correct
This I ______ YouPromise
52%
He Wasn't _____ EnoughMan
43.5%
______ Women Part 1Independent
38%
(Hot S**t) Country ______Grammar
36.5%
______ MariaMaria
34%
______ You WantEverything
24.7%
______ (Story Of A Girl)Absolutely
12.2%
Gotta ______ YouTell
12.2%
______ GirlsMost
5.8%
______ LadyBag
4.1%

Today's Daily Dose

You're not logged in!

Compare scores with friends on all Sporcle quizzes.
OR
Log In

Sporcle TV

Today on Sporcle TV


Watch our educational content, quiz creation guides, and fun videos on Sporcle TV.

Show Comments

Extras

Top Quizzes Today


Score Distribution

Paid Content

Your Account Isn't Verified!

In order to create a playlist on Sporcle, you need to verify the email address you used during registration. Go to your Sporcle Settings to finish the process.

Report this User

Report this user for behavior that violates our Community Guidelines.

Details: